000 00572nam a22001697a 4500
005 20251027130745.0
008 251027b |||||||| |||| 00| 0 eng d
020 _a9780766824546
050 _aRT41 SKI
100 _aDeLaune, Sue C.
245 _aSkills Checklists to Accompany Fundamentals of Nursing Standards & Practice
_cSue C, DeLaune & Patricia K. Ladner, prepared by Kathy R. White
250 _a2nd ed.
260 _aAustralia
_bDelmar Thomson Learning
_c2002
300 _avi. 245p.
_bill.
_c27.5cm
700 _aLadner, Patricia K.
942 _2lcc
_cBK
_e2nd ed.
_n0
999 _c7812
_d7812